| 000 -LEADER |
| fixed length control field |
03842cam a2200505 i 4500 |
| 001 - CONTROL NUMBER |
| control field |
21890314 |
| 003 - CONTROL NUMBER IDENTIFIER |
| control field |
NUST |
| 005 - DATE AND TIME OF LATEST TRANSACTION |
| control field |
20220825121317.0 |
| 008 - FIXED-LENGTH DATA ELEMENTS--GENERAL INFORMATION |
| fixed length control field |
210202s2021 nyua b 001 0ceng |
| 010 ## - LIBRARY OF CONGRESS CONTROL NUMBER |
| LC control number |
2020051688 |
| 020 ## - INTERNATIONAL STANDARD BOOK NUMBER |
| International Standard Book Number |
9781984854995 |
| Qualifying information |
(hardcover) |
| 020 ## - INTERNATIONAL STANDARD BOOK NUMBER |
| International Standard Book Number |
9781984855015 |
| Qualifying information |
(trade paperback) |
| 020 ## - INTERNATIONAL STANDARD BOOK NUMBER |
| Canceled/invalid ISBN |
9781984855008 |
| Qualifying information |
(ebook) |
| 038 ## - RECORD CONTENT LICENSOR |
| Staff Name |
Azhar |
| 040 ## - CATALOGING SOURCE |
| Original cataloging agency |
DLC |
| Language of cataloging |
eng |
| Description conventions |
rda |
| Transcribing agency |
DLC |
| Modifying agency |
DLC |
| 042 ## - AUTHENTICATION CODE |
| Authentication code |
pcc |
| 043 ## - GEOGRAPHIC AREA CODE |
| Geographic area code |
n-us-sc |
| -- |
n-us--- |
| -- |
n-usu-- |
| 050 00 - LIBRARY OF CONGRESS CALL NUMBER |
| Classification number |
E445.S7 |
| Item number |
M55 2021 |
| 082 00 - DEWEY DECIMAL CLASSIFICATION NUMBER |
| Classification number |
306.3620820975 |
| Edition number |
23 |
| Author Mark |
MIL |
| 100 1# - MAIN ENTRY--PERSONAL NAME |
| Personal name |
Miles, Tiya, |
| Dates associated with a name |
1970- |
| Relator term |
author. |
| 9 (RLIN) |
94959 |
| 245 10 - TITLE STATEMENT |
| Title |
All that she carried : |
| Remainder of title |
the journey of Ashley's sack, a black family keepsake |
| Statement of responsibility, etc. |
Tiya Miles. |
| 246 30 - VARYING FORM OF TITLE |
| Title proper/short title |
Journey of Ashley's sack, a black family keepsake |
| 250 ## - EDITION STATEMENT |
| Edition statement |
First edition. |
| 260 ## - PUBLICATION, DISTRIBUTION, ETC. |
| Place of publication, distribution, etc. |
New York : |
| Name of publisher, distributor, etc. |
Random House, |
| Date of publication, distribution, etc. |
2021 |
| 300 ## - PHYSICAL DESCRIPTION |
| Extent |
xvii, 385 pages : |
| Other physical details |
illustrations ; |
| Dimensions |
22 cm |
| 336 ## - CONTENT TYPE |
| Content type term |
text |
| Content type code |
txt |
| Source |
rdacontent |
| 337 ## - MEDIA TYPE |
| Media type term |
unmediated |
| Media type code |
n |
| Source |
rdamedia |
| 338 ## - CARRIER TYPE |
| Carrier type term |
volume |
| Carrier type code |
nc |
| Source |
rdacarrier |
| 504 ## - BIBLIOGRAPHY, ETC. NOTE |
| Bibliography, etc. note |
Includes bibliographical references and index. |
| 520 ## - SUMMARY, ETC. |
| Summary, etc. |
"Sitting in the Smithsonian's National Museum of African American History and Culture is a rough cotton bag, called "Ashley's Sack," embroidered with just a handful of words that evoke a sweeping family story of loss and of love passed down through generations. In 1850s South Carolina, just before nine-year-old Ashley was sold, her mother, Rose, gave her a sack filled with just a few things as a token of her love. Decades later, Ashley's granddaughter, Ruth, embroidered this history on the bag--including Rose's message that "It be filled with my Love always." Historian Tiya Miles carefully follows faint archival traces back to Charleston to find Rose in the kitchen where she may have packed the sack for Ashley. From Rose's last resourceful gift to her daughter, Miles then follows the paths their lives and the lives of so many like them took to write a unique, innovative history of the lived experience of slavery in the United States. The contents of the sack--a tattered dress, handfuls of pecans, a braid of hair, "my Love always"--speak volumes and open up a window on Rose and Ashley's world. As she follows Ashley's journey, Miles metaphorically "unpacks" the sack, deepening its emotional resonance and revealing the meanings and significance of everything it contained. These include the story of enslaved labor's role in the cotton trade and apparel crafts and the rougher cotton "negro cloth" that was left for enslaved people to wear; the role of the pecan in nutrition, survival, and southern culture; the significance of hair to Black women and of locks of hair in the nineteenth century; and an exploration of Black mothers' love and the place of emotion in history"-- |
| Assigning source |
Provided by publisher. |
| 563 ## - BINDING INFORMATION |
| Binding note |
HB |
| 600 00 - SUBJECT ADDED ENTRY--PERSONAL NAME |
| Personal name |
Ashley |
| Titles and other words associated with a name |
(Enslaved person in South Carolina) |
| 9 (RLIN) |
94960 |
| 600 10 - SUBJECT ADDED ENTRY--PERSONAL NAME |
| Personal name |
Middleton, Ruth Jones, |
| Dates associated with a name |
1903-1942 |
| General subdivision |
Family. |
| 9 (RLIN) |
94961 |
| 650 #0 - SUBJECT ADDED ENTRY--TOPICAL TERM |
| Topical term or geographic name entry element |
Women slaves |
| Geographic subdivision |
South Carolina |
| Form subdivision |
Biography. |
| 9 (RLIN) |
94962 |
| 650 #0 - SUBJECT ADDED ENTRY--TOPICAL TERM |
| Topical term or geographic name entry element |
Mothers and daughters. |
| 9 (RLIN) |
56199 |
| 650 #0 - SUBJECT ADDED ENTRY--TOPICAL TERM |
| Topical term or geographic name entry element |
Women slaves |
| Geographic subdivision |
Southern States |
| General subdivision |
Social conditions |
| Chronological subdivision |
19th century. |
| 9 (RLIN) |
94963 |
| 650 #0 - SUBJECT ADDED ENTRY--TOPICAL TERM |
| Topical term or geographic name entry element |
Slaves |
| Geographic subdivision |
Southern States |
| General subdivision |
Family relationships |
| -- |
History |
| Chronological subdivision |
19th century. |
| 9 (RLIN) |
94964 |
| 650 #0 - SUBJECT ADDED ENTRY--TOPICAL TERM |
| Topical term or geographic name entry element |
African American women |
| Form subdivision |
Biography. |
| 9 (RLIN) |
94965 |
| 650 #0 - SUBJECT ADDED ENTRY--TOPICAL TERM |
| Topical term or geographic name entry element |
African American women |
| General subdivision |
Family relationships. |
| 9 (RLIN) |
94966 |
| 650 #0 - SUBJECT ADDED ENTRY--TOPICAL TERM |
| Topical term or geographic name entry element |
Memory |
| Geographic subdivision |
United States. |
| 9 (RLIN) |
94967 |
| 776 08 - ADDITIONAL PHYSICAL FORM ENTRY |
| Relationship information |
Online version: |
| Main entry heading |
Miles, Tiya, |
| Title |
All that she carried |
| Place, publisher, and date of publication |
New York : Random House, 2021. |
| International Standard Book Number |
9781984855008 |
| Record control number |
(DLC) 2020051689 |
| 906 ## - LOCAL DATA ELEMENT F, LDF (RLIN) |
| a |
7 |
| b |
cbc |
| c |
orignew |
| d |
1 |
| e |
ecip |
| f |
20 |
| g |
y-gencatlg |
| 942 ## - ADDED ENTRY ELEMENTS (KOHA) |
| Source of classification or shelving scheme |
|
| Koha item type |
Lincoln Corner |